[Event "World Blitz 2015"]
[Site "Berlin GER"]
[Date "2015.10.13"]
[Round "4.74"]
[White "Bluebaum, Matthias"]
[Black "Wagner, Dennis"]
[Result "1/2-1/2"]
[WhiteTitle "GM"]
[BlackTitle "GM"]
[WhiteElo "2588"]
[BlackElo "2575"]
[WhiteFideId "24651516"]
[BlackFideId "24650684"]
[EventDate "2015.10.13"]

1. d4 Nf6 2. c4 g6 3. Nc3 d5 4. Bf4 Bg7 5. e3 O-O 6. Rc1 Be6 7. cxd5 Nxd5 8.
Nxd5 Qxd5 9. b3 Qa5+ 10. Qd2 Qxd2+ 11. Kxd2 c6 12. h4 Nd7 13. h5 Bd5 14. hxg6
hxg6 15. Nf3 a5 16. Bc4 Bxf3 17. gxf3 e5 18. dxe5 Nxe5 19. Bxe5 Bxe5 20. f4
Rfd8+ 21. Ke2 Bg7 22. Rcg1 Rd6 23. a4 b5 24. axb5 a4 25. bxa4 Rxa4 26. Rc1 cxb5
27. Bxb5 Ra2+ 28. Kf3 Bf6 29. Rc8+ Kg7 30. Rhh8 Ba1 31. Rcg8+ Kf6 32. e4 Rdd2
33. Kg4 Rxf2 34. e5+ Bxe5 35. fxe5+ Kxe5 36. Re8+ Kf6 37. Bc6 Rab2 38. Re3 Rf5
39. Be4 Rg5+ 40. Kf4 Rf2+ 41. Rf3 Rxf3+ 42. Bxf3 Rf5+ 43. Kg3 Rg5+ 44. Kf2 Rf5
45. Ra8 Rc5 46. Ra7 Rc2+ 47. Ke3 Rc3+ 48. Kf4 Rc4+ 49. Be4 Rb4 50. Ke3 Rb3+ 51.
Bd3 Rb4 52. Be2 Kg7 53. Rc7 Rb3+ 54. Kd4 Rb2 55. Bc4 Rf2 56. Ke3 Rf6 57. Ke4 Rf5
58. Bd3 Rf6 59. Kd4 Rf4+ 60. Ke3 Rf6 61. Bc4 Rf5 62. Ke4 Rf6 63. Ke5 Rf5+ 64.
Kd6 Rf4 65. Bd5 Rf2 66. Kd7 Rf1 67. Ke8 Re1+ 68. Kd7 Rf1 69. Kd6 Rf2 70. Ke5 1/2-1/2

[Event "World Blitz 2015"]
[Site "Berlin GER"]
[Date "2015.10.13"]
[Round "4.76"]
[White "Khismatullin, Denis"]
[Black "Carlstedt, Jonathan"]
[Result "1-0"]
[WhiteTitle "GM"]
[BlackTitle "IM"]
[WhiteElo "2651"]
[BlackElo "2442"]
[WhiteFideId "4142578"]
[BlackFideId "24614386"]
[EventDate "2015.10.13"]

1. d4 d5 2. c4 e6 3. Nf3 c5 4. cxd5 exd5 5. Nc3 Nc6 6. g3 Nf6 7. Bg2 Be7 8. dxc5
Bxc5 9. O-O O-O 10. a3 Ne4 11. Qc2 Nxc3 12. Qxc3 Bb6 13. Rd1 d4 14. Qc2 Qf6 15.
Bg5 Qf5 16. Qa4 Bd7 17. Bf4 Rfe8 18. Rd2 d3 19. exd3 Ne5 20. Qd1 Ng4 21. d4 Rad8
22. h3 Nf6 23. Ne5 Bc8 24. Nc4 Ne4 25. Nxb6 axb6 26. Re2 Nf6 27. Rxe8+ Rxe8 28.
Be5 Ne4 29. Qf3 Qxf3 30. Bxf3 Nd2 31. Bg2 Nc4 32. Rc1 Nxb2 33. Rc7 Nd3 34. Bd5
Be6 35. Bxe6 fxe6 36. Rxg7+ Kf8 37. Rxh7 1-0

[Event "World Blitz 2015"]
[Site "Berlin GER"]
[Date "2015.10.13"]
[Round "4.77"]
[White "Vogel, Roven"]
[Black "Ehlvest, Jaan"]
[Result "1-0"]
[BlackTitle "GM"]
[WhiteElo "2417"]
[BlackElo "2535"]
[WhiteFideId "12908088"]
[BlackFideId "4500016"]
[EventDate "2015.10.13"]

1. Nf3 g6 2. d4 d6 3. c4 f5 4. Nc3 Nf6 5. g3 Bg7 6. Bg2 O-O 7. O-O Qe8 8. b3 e5
9. dxe5 dxe5 10. e4 f4 11. Nd5 Na6 12. Bb2 Bg4 13. h3 Bxf3 14. Bxf3 c6 15. Nxf6+
Bxf6 16. Qe2 Nc7 17. Rad1 Ne6 18. Bg4 fxg3 19. fxg3 Nd4 20. Qe3 h5 21. Be2 Qe7
22. Bxd4 exd4 23. Qh6 Qxe4 24. Bd3 Qe3+ 25. Qxe3 dxe3 26. Rde1 Kg7 27. Kg2 Bd4
28. Rxf8 Rxf8 29. Re2 a5 30. Be4 Bc5 31. h4 Rd8 32. g4 Rd4 1-0

[Event "World Blitz 2015"]
[Site "Berlin GER"]
[Date "2015.10.13"]
[Round "4.78"]
[White "Milanovic, Danilo"]
[Black "Cordeiro, Marco Aurelio Zaror"]
[Result "0-1"]
[WhiteTitle "GM"]
[WhiteElo "2469"]
[BlackElo "2228"]
[WhiteFideId "915483"]
[BlackFideId "2117991"]
[EventDate "2015.10.13"]

1. d4 d5 2. c4 e6 3. Nc3 Be7 4. cxd5 exd5 5. Bf4 Nf6 6. e3 O-O 7. Bd3 c6 8. h3
Nbd7 9. Nge2 Re8 10. Qc2 Nf8 11. O-O-O Bd6 12. g4 Qe7 13. Bg5 h6 14. Bh4 Ne6 15.
Rdg1 Ng5 16. Bxg5 hxg5 17. h4 Nxg4 18. Rg2 Nxf2 19. Rxf2 Qxe3+ 20. Kb1 Qxf2 21.
hxg5 Bg4 22. a3 Re3 23. Nd1 Qf3 24. Nxe3 Qxh1+ 25. Ka2 Bxe2 26. Qxe2 Re8 27. Qf2 0-1

[Event "World Blitz 2015"]
[Site "Berlin GER"]
[Date "2015.10.13"]
[Round "4.79"]
[White "Sawlin, Leonid"]
[Black "Swiercz, Dariusz"]
[Result "0-1"]
[BlackTitle "GM"]
[WhiteElo "2258"]
[BlackElo "2620"]
[WhiteFideId "4689542"]
[BlackFideId "1126881"]
[EventDate "2015.10.13"]

1. e4 c6 2. d4 d5 3. Nc3 dxe4 4. Nxe4 Nd7 5. Nf3 Ngf6 6. Nxf6+ Nxf6 7. Bd3 Bg4
8. c3 e6 9. O-O Be7 10. Bf4 O-O 11. Re1 Qb6 12. Rb1 Rfd8 13. h3 Bh5 14. g4 Bg6
15. Ne5 c5 16. Be3 cxd4 17. Bxd4 Bc5 18. Bxg6 hxg6 19. Bxc5 Qxc5 20. Qe2 Rd5 21.
Nd3 Qd6 22. Nc1 Rd8 23. Nb3 Rd3 24. Kg2 Nd5 25. Qe5 Nf4+ 26. Kh2 Rxh3+ 27. Kg1
Qxe5 28. Rxe5 Rh4 29. f3 Rh3 30. Re3 Rg3+ 31. Kf1 g5 32. Nd4 Rg2 33. Ne2 Rd2 34.
Re1 Rh2 35. b3 Rh1+ 36. Kf2 Rh2+ 37. Kg1 Rhxe2 0-1

[Event "World Blitz 2015"]
[Site "Berlin GER"]
[Date "2015.10.13"]
[Round "4.81"]
[White "Rakhmanov, Aleksandr"]
[Black "Pavlovic, Milos"]
[Result "1-0"]
[WhiteTitle "GM"]
[BlackTitle "GM"]
[WhiteElo "2637"]
[BlackElo "2481"]
[WhiteFideId "4173708"]
[BlackFideId "900389"]
[EventDate "2015.10.13"]

1. c4 g6 2. Nc3 Bg7 3. g3 c5 4. Bg2 Nc6 5. d3 b6 6. e3 Bb7 7. Nge2 e6 8. d4 Nge7
9. dxc5 bxc5 10. Nb5 O-O 11. Nd6 Ba6 12. O-O Rb8 13. Rb1 Nf5 14. Nxf5 gxf5 15.
Bxc6 dxc6 16. Qc2 Qf6 17. b3 e5 18. Ba3 Rfd8 19. Bxc5 Rb7 20. Rbd1 Rbd7 21. Rxd7
Rxd7 22. Rd1 Qd8 23. Rxd7 Qxd7 24. f4 f6 25. Kf2 Bc8 26. Ke1 a6 27. Qd2 Qe8 28.
Qd6 Be6 29. Qe7 Qc8 30. Bb6 Bf7 31. Qd8+ Qxd8 32. Bxd8 Kf8 33. Bb6 Ke8 34. Bc5
Kd7 35. Nc3 Bh5 36. Na4 Bf3 37. Kd2 h5 38. h4 Kc7 39. Kc3 Kb7 40. Kb4 Be4 41.
Be7 Bb1 42. Nc5+ Kb6 43. a4 a5+ 44. Kc3 Bh8 45. b4 axb4+ 46. Kxb4 Ba2 47. a5+
Ka7 48. Bf8 e4 49. Ne6 Ka6 50. Nd8 c5+ 51. Kxc5 Kxa5 52. Nf7 Ka4 53. Nxh8 Kb3
54. Kd4 Kc2 55. c5 Be6 56. Bg7 Kd2 57. Bxf6 Ke2 58. Bg5 Kf3 59. Ng6 Kxg3 60. Ne7
Kf3 61. c6 Ke2 62. c7 1-0

[Event "World Blitz 2015"]
[Site "Berlin GER"]
[Date "2015.10.13"]
[Round "4.82"]
[White "Tari, Aryan"]
[Black "Halkias, Stelios"]
[Result "1/2-1/2"]
[WhiteTitle "IM"]
[BlackTitle "GM"]
[WhiteElo "2521"]
[BlackElo "2534"]
[WhiteFideId "1510045"]
[BlackFideId "4201809"]
[EventDate "2015.10.13"]

1. e4 e5 2. Nf3 Nc6 3. Bb5 a6 4. Ba4 Nf6 5. O-O Be7 6. d3 b5 7. Bb3 O-O 8. a4
Bb7 9. Re1 d6 10. c3 Na5 11. Bc2 c5 12. Nbd2 Nc6 13. Nf1 Re8 14. Ng3 h6 15. d4
cxd4 16. cxd4 Nxd4 17. Nxd4 exd4 18. Qxd4 Rc8 19. Bd3 d5 20. e5 Bc5 21. Qf4 Ne4
22. Nxe4 dxe4 23. Bxe4 Bxe4 24. Qxe4 Bd4 25. Bf4 Bxb2 26. Rab1 Bc3 27. Red1 Qb6
28. axb5 axb5 29. Be3 Qa6 30. Qg4 Bxe5 31. Bxh6 Qxh6 32. h3 Rb8 33. Qd7 Qe6 34.
Qa7 b4 35. Re1 Qf6 36. Qd7 Re7 37. Qg4 Bc3 38. Red1 Rbe8 39. Qc4 g6 40. Rf1 Kg7
41. Rbd1 Re4 42. Qb5 Rf4 43. Qxe8 Bd4 44. Qe2 b3 45. Qd3 Rxf2 46. Rxf2 Qxf2+ 47.
Kh1 b2 48. Rf1 Qe3 49. Qxe3 Bxe3 50. Rb1 Bc1 51. Kg1 Kf6 52. Kf2 Ke5 53. Kf3 Kd4
54. g4 Kc3 55. h4 Kc2 56. Rxb2+ Bxb2 57. Ke4 Kd2 58. h5 Ke2 59. Kf4 Bf6 60. g5
Be7 61. h6 Bf8 62. Ke5 f5 63. gxf6 Bxh6 64. f7 Kf3 65. Kf6 g5 66. f8=Q 1/2-1/2

[Event "World Blitz 2015"]
[Site "Berlin GER"]
[Date "2015.10.13"]
[Round "4.83"]
[White "Lagarde, Maxime"]
[Black "Berend, Elvira"]
[Result "1-0"]
[WhiteTitle "GM"]
[BlackTitle "WGM"]
[WhiteElo "2550"]
[BlackElo "2370"]
[WhiteFideId "662399"]
[BlackFideId "4000510"]
[EventDate "2015.10.13"]

1. e4 e5 2. Nf3 Nc6 3. Bb5 Nf6 4. d3 Bc5 5. O-O Nd4 6. Nxd4 Bxd4 7. c3 Bb6 8.
Kh1 c6 9. Ba4 h6 10. Nd2 O-O 11. Bc2 d5 12. Qe2 Ng4 13. Nf3 dxe4 14. dxe4 Qe7
15. h3 Nf6 16. a4 a5 17. Nd2 Be6 18. Nc4 Bc7 19. b3 Nd7 20. Ba3 Bxc4 21. Qxc4
Bd6 22. Bc1 Nc5 23. Qe2 Ne6 24. g3 Ng5 25. h4 Nh7 26. Kg2 Nf6 27. Qf3 Nd7 28.
Be3 Bc5 29. Bd2 Rad8 30. Rad1 Bb6 31. Bc1 Bc5 32. Bd3 Nb6 33. Be3 Rd7 34. Bc2
Rfd8 35. Rxd7 Rxd7 36. Bc1 Rd8 37. Rd1 Rxd1 38. Qxd1 Qf6 39. Qe2 Qd8 40. Bd2 Qe7
41. Bd3 Qd6 42. Be1 Qe7 43. Qc2 Qd6 44. Be2 Qe7 45. Qd2 Bd6 46. Qb2 Ba3 47. Qc2
Bc5 48. Qd3 Qd6 49. Qf3 Qe7 50. Qf5 Qd6 51. b4 axb4 52. a5 b3 53. axb6 b2 54.
Qc8+ Kh7 55. Qf5+ Kg8 56. Bc4 Qd8 57. Bxf7+ Kh8 58. Ba2 Qxb6 59. Qc8+ Kh7 60.
Qg8+ Kg6 61. Qf7+ Kh7 62. Qg8+ Kg6 63. Qe8+ Kh7 64. Bg8+ 1-0

[Event "World Blitz 2015"]
[Site "Berlin GER"]
[Date "2015.10.13"]
[Round "4.84"]
[White "Polzin, Rainer"]
[Black "Godena, Michele"]
[Result "1-0"]
[WhiteTitle "GM"]
[BlackTitle "GM"]
[WhiteElo "2416"]
[BlackElo "2513"]
[WhiteFideId "4610741"]
[BlackFideId "800090"]
[EventDate "2015.10.13"]

1. e4 e5 2. Nf3 Nc6 3. Bb5 a6 4. Ba4 Nf6 5. O-O b5 6. Bb3 Bc5 7. d3 d6 8. a4 b4
9. h3 h6 10. Be3 Bxe3 11. fxe3 Na5 12. Nbd2 Nxb3 13. Nxb3 O-O 14. Qe1 a5 15. Nh4
Be6 16. Nd2 g6 17. g4 Kh7 18. Qg3 Qe7 19. Rf2 Ng8 20. Raf1 b3 21. c4 Rab8 22.
Nb1 c6 23. Nc3 Rbd8 24. Ng2 f6 25. Ne1 Qg7 26. h4 Ne7 27. g5 fxg5 28. hxg5 h5
29. Rxf8 Rxf8 30. Rxf8 Qxf8 31. c5 dxc5 32. Qxe5 Bh3 33. Qf6 Qe8 34. Nf3 Ng8 35.
Qf4 Qd7 36. Ne5 Qe7 37. d4 cxd4 38. exd4 Kg7 39. Kh2 Bd7 40. d5 cxd5 41. exd5
Bf5 1-0

[Event "World Blitz 2015"]
[Site "Berlin GER"]
[Date "2015.10.13"]
[Round "4.85"]
[White "Schmaltz, Roland"]
[Black "Hilverda, Alexander"]
[Result "0-1"]
[WhiteTitle "GM"]
[WhiteElo "2504"]
[BlackElo "2384"]
[WhiteFideId "4614054"]
[BlackFideId "4695437"]
[EventDate "2015.10.13"]

1. e4 c5 2. Nf3 e6 3. d4 cxd4 4. Nxd4 a6 5. c4 Nf6 6. Nc3 Qc7 7. a3 d6 8. Be3
Be7 9. Rc1 Nbd7 10. Be2 b6 11. O-O Bb7 12. f3 O-O 13. Qd2 Rac8 14. Rfd1 Rfe8 15.
b4 Qb8 16. Bf1 Ne5 17. Na4 Nfd7 18. Rc2 Ng6 19. Rb1 h5 20. Qf2 Ba8 21. Rcc1 h4
22. c5 b5 23. Nb6 Nxb6 24. cxb6 Ne5 25. a4 Rxc1 26. Rxc1 bxa4 27. Nc2 Bb7 28.
Ra1 Rc8 29. Rxa4 Nc4 30. Ra1 d5 31. Bc5 Bf6 32. Rd1 Nb2 33. Rb1 Na4 34. exd5
exd5 35. Kh1 Qf4 36. Be3 Qf5 37. Rc1 h3 38. g4 Qe6 39. Nd4 Qd7 40. Rxc8+ Qxc8
41. Bxh3 Qc3 42. g5 Be5 43. f4 Bd6 44. Bg2 Bxb4 45. h4 Bc5 46. f5 Nxb6 47. g6
Nc4 48. gxf7+ Kxf7 49. Qg3 Bxd4 50. Qg6+ Kf8 51. f6 Bxf6 52. Bc5+ Be7 53. Qf5+
Ke8 54. Qg6+ Kd7 55. Bf1 Qf3+ 56. Bg2 Qd1+ 57. Kh2 Bxc5 58. Qxg7+ Be7 59. Bh3+
Kd8 60. Qg8+ Kc7 61. Qe6 Qd2+ 62. Bg2 Qf4+ 63. Kh1 Qd6 0-1

[Event "World Blitz 2015"]
[Site "Berlin GER"]
[Date "2015.10.13"]
[Round "4.86"]
[White "Bruedigam, Martin"]
[Black "Hovhannisyan, Mher"]
[Result "1-0"]
[WhiteTitle "FM"]
[BlackTitle "IM"]
[WhiteElo "2375"]
[BlackElo "2499"]
[WhiteFideId "24608033"]
[BlackFideId "13300865"]
[EventDate "2015.10.13"]

1. e4 e6 2. d4 d5 3. exd5 exd5 4. Bd3 Nf6 5. h3 c5 6. c3 cxd4 7. cxd4 Nc6 8. Nf3
Bb4+ 9. Nc3 O-O 10. O-O h6 11. Bf4 Be6 12. Rc1 Rc8 13. Re1 Bd6 14. Be5 Bb4 15.
a3 Be7 16. Bf4 Na5 17. Ne5 Nc4 18. Nxc4 dxc4 19. Bb1 Bd6 20. Be5 Bxe5 21. dxe5
Qxd1 22. Rcxd1 Nd7 23. f4 Nc5 24. f5 Bd7 25. Nd5 Rfe8 26. f6 Ba4 27. Ne7+ Kf8
28. Rc1 Nb3 29. Rc3 Rc5 30. Rg3 g5 31. h4 Rxe7 32. fxe7+ 1-0

[Event "World Blitz 2015"]
[Site "Berlin GER"]
[Date "2015.10.13"]
[Round "4.87"]
[White "Van Wely, Loek"]
[Black "Pham, Le Thao Nguyen"]
[Result "0-1"]
[WhiteTitle "GM"]
[BlackTitle "IM"]
[WhiteElo "2632"]
[BlackElo "2319"]
[WhiteFideId "1000268"]
[BlackFideId "12401226"]
[EventDate "2015.10.13"]

1. d4 d5 2. c4 c6 3. Nf3 Nf6 4. e3 Bf5 5. Nc3 e6 6. Nh4 Be4 7. f3 Bg6 8. Qb3 Qb6
9. Bd2 Nbd7 10. Rc1 Be7 11. Nxg6 hxg6 12. g3 Qxb3 13. axb3 a6 14. Kf2 g5 15. c5
e5 16. b4 g4 17. f4 e4 18. h3 O-O-O 19. Kg1 g6 20. Nd1 Rh5 21. Nf2 gxh3 22. Bxh3
Rdh8 23. g4 R5h7 24. g5 Nh5 25. Kg2 Bd8 26. Ng4 Bc7 27. Rcf1 Kd8 28. Nh6 Ke8 29.
Bg4 Ng7 30. Nxf7 Kxf7 31. Rxh7 Rxh7 32. Bxd7 Rh8 33. Rh1 Rd8 34. Bg4 Rg8 35. Rh7
Rf8 36. Be1 Kg8 37. Rh6 Kf7 38. Bg3 Bd8 39. Rh7 Kg8 40. Rh1 Be7 41. b5 cxb5 42.
c6 bxc6 43. Rc1 Nf5 44. Bxf5 gxf5 45. Rxc6 Ra8 46. Re6 Kf7 47. Re5 a5 48. Rxf5+
Ke6 49. Re5+ Kf7 50. f5 Bxg5 51. Rxd5 Bxe3 52. Be5 b4 53. Rd7+ Ke8 54. Rh7 Rc8
55. f6 Rc2+ 56. Kh3 Rf2 57. Re7+ Kf8 58. Ra7 a4 59. Rxa4 Rxb2 60. Ra8+ Kf7 61.
Ra7+ Kg6 62. Rg7+ Kh6 63. Rb7 Rf2 64. Rxb4 Bg5 65. Rb6 Kg6 66. Kg4 Bxf6 67. Bg3
Rf3 68. d5 Kf7 69. Rb7+ Ke8 70. d6 Rd3 71. Bf4 e3 72. Kf5 Bd8 73. Ke4 e2 74. d7+
Kf7 75. Kxd3 e1=Q 76. Rb8 Qd1+ 77. Ke4 Qxd7 78. Be5 Qc6+ 79. Kf5 Qe6+ 80. Kf4
Be7 81. Rb1 Qc4+ 82. Ke3 Qc5+ 83. Bd4 Bg5+ 84. Ke4 Qc2+ 0-1

[Event "World Blitz 2015"]
[Site "Berlin GER"]
[Date "2015.10.13"]
[Round "4.88"]
[White "Fedorchuk, Sergey A."]
[Black "Carstensen, Jacob"]
[Result "1-0"]
[WhiteTitle "GM"]
[BlackTitle "IM"]
[WhiteElo "2635"]
[BlackElo "2352"]
[WhiteFideId "14102536"]
[BlackFideId "1404180"]
[EventDate "2015.10.13"]

1. e4 c5 2. Nf3 d6 3. d4 Nf6 4. Nc3 cxd4 5. Nxd4 a6 6. g3 e5 7. Nde2 Be6 8. Bg2
Nbd7 9. h3 Be7 10. g4 h6 11. Ng3 Qc7 12. O-O O-O-O 13. a4 Kb8 14. Be3 Rc8 15.
Nf5 Bf8 16. a5 g6 17. Ng3 Be7 18. Qd2 Qc6 19. Rfc1 Rhd8 20. Nd5 Bxd5 21. exd5
Qc4 22. b3 Qc3 23. Qxc3 Rxc3 24. Bd2 Rc7 25. Bxh6 Nc5 26. b4 Ncd7 27. c4 Rdc8
28. Nf1 Rxc4 29. Rxc4 Rxc4 30. Rb1 Rd4 31. Ne3 Ne4 32. Bxe4 Rxe4 33. Kg2 Rd4 34.
b5 axb5 35. Rxb5 Nc5 36. Bg7 f6 37. g5 f5 38. Rxc5 dxc5 39. Bxe5+ Kc8 40. Bxd4
cxd4 41. Nc4 Bxg5 42. Ne5 Kc7 43. d6+ Kd8 44. Nf7+ Kd7 45. Nxg5 Kxd6 46. Kf3 Kc5
47. Ke2 Kb4 48. Kd3 Kxa5 49. Ne6 Kb6 50. Nf8 g5 51. Ne6 g4 52. h4 Kc6 53. Nxd4+
Kd5 54. Nxf5 Ke5 55. Ng3 Kf4 56. h5 1-0

[Event "World Blitz 2015"]
[Site "Berlin GER"]
[Date "2015.10.13"]
[Round "4.89"]
[White "Ben Artzi, Ido"]
[Black "Postny, Evgeny"]
[Result "0-1"]
[WhiteTitle "IM"]
[BlackTitle "GM"]
[WhiteElo "2419"]
[BlackElo "2658"]
[WhiteFideId "2810913"]
[BlackFideId "2804344"]
[EventDate "2015.10.13"]

1. d4 d5 2. c4 c6 3. Nf3 Nf6 4. e3 Bf5 5. Nc3 a6 6. Bd3 Bxd3 7. Qxd3 e6 8. O-O
Bb4 9. Bd2 O-O 10. Rac1 Ba5 11. Rfd1 Nbd7 12. b3 Re8 13. h3 Rc8 14. cxd5 exd5
15. Na4 Bc7 16. b4 Ne4 17. Nc5 Ndxc5 18. bxc5 Bb8 19. Rb1 Rc7 20. Ba5 Qc8 21.
Bxc7 Qxc7 22. Kf1 h6 23. Rb2 Qc8 24. Rdb1 Re7 25. Nd2 Ng5 26. Rb3 Ne6 27. R1b2
Nd8 28. e4 dxe4 29. Nxe4 Qd7 30. Rb1 Qd5 31. Nc3 Qg5 32. d5 cxd5 33. Qxd5 Re5
34. Qd7 Rxc5 35. h4 Qxh4 36. Qe8+ Kh7 37. Qe4+ Qxe4 38. Nxe4 Rc4 39. f3 b5 40.
Rd3 Ne6 41. Nd6 Bxd6 42. Rxd6 Ra4 43. Rb2 Ra3 44. Kf2 Kg6 45. Rc2 a5 46. Rb6 b4
47. g3 h5 48. f4 Kf6 49. Rd2 g6 50. Ke2 Rxg3 51. Rd5 Rg2+ 52. Kf3 Rxa2 53. Ra6
a4 54. Rb5 b3 55. Ke4 b2 56. f5 gxf5+ 57. Rxf5+ Kg6 58. Rb5 a3 59. Kd3 Ra1 60.
Rab6 a2 61. Rxb2 Rd1+ 0-1

[Event "World Blitz 2015"]
[Site "Berlin GER"]
[Date "2015.10.13"]
[Round "4.90"]
[White "Rasmussen, Allan Stig"]
[Black "Camacho Collados, Jose"]
[Result "1-0"]
[WhiteTitle "GM"]
[BlackTitle "IM"]
[WhiteElo "2498"]
[BlackElo "2383"]
[WhiteFideId "1406000"]
[BlackFideId "2265427"]
[EventDate "2015.10.13"]

1. e4 c5 2. d3 g6 3. f4 Bg7 4. c3 d5 5. Be2 dxe4 6. dxe4 Qxd1+ 7. Bxd1 e5 8. Nf3
Nc6 9. Ba4 Bd7 10. Na3 a6 11. Nc4 b5 12. Nb6 Rd8 13. Bc2 Bg4 14. Be3 exf4 15.
Bxf4 Nf6 16. Bc7 O-O 17. Bxd8 Rxd8 18. Rd1 Re8 19. O-O Nxe4 20. Rde1 f5 21. Ng5
Rb8 22. Nxe4 fxe4 23. Bxe4 Rxb6 24. Bd5+ Kh8 25. Re8+ Bf8 26. Rexf8+ Kg7 27.
R1f7+ Kh6 28. Rh8 Bf5 29. h4 Kh5 30. Rhxh7+ Kg4 31. Rf6 Ne7 32. Bf3+ Kg3 33.
Rxb6 Ng8 34. h5 Nf6 35. Rxf6 Bd3 36. hxg6 b4 37. Rh3# 1-0

[Event "World Blitz 2015"]
[Site "Berlin GER"]
[Date "2015.10.13"]
[Round "4.91"]
[White "Kulon, Klaudia"]
[Black "Petursson, Margeir"]
[Result "0-1"]
[WhiteTitle "WGM"]
[BlackTitle "GM"]
[WhiteElo "2324"]
[BlackElo "2520"]
[WhiteFideId "1131044"]
[BlackFideId "2300028"]
[EventDate "2015.10.13"]

1. c4 e5 2. g3 Nf6 3. Bg2 d5 4. cxd5 Nxd5 5. Nc3 Nb6 6. Nf3 Nc6 7. a3 Be7 8. b4
O-O 9. b5 Nd4 10. Nxe5 Bf6 11. f4 Bxe5 12. fxe5 Re8 13. O-O Rxe5 14. e3 Nxb5 15.
Qb3 Be6 16. Qb2 Nc4 17. Qc2 Nbd6 18. Ne2 c6 19. Nd4 Bd5 20. Nf3 Re8 21. Rb1 Be4
22. d3 Bg6 23. e4 Nb6 24. Bb2 Nb5 25. a4 Nc7 26. Ne5 Ne6 27. Nxg6 hxg6 28. Rbd1
c5 29. a5 Nd7 30. Bc3 Nd4 31. Qb2 Ne5 32. Rf2 Qd7 33. h4 Rad8 34. Rb1 Nxd3 35.
Qxb7 Nxf2 36. Kxf2 Qa4 37. Rb2 Qa3 38. Bd2 Qd3 39. Be3 Nc2 40. Bxc5 Qd2+ 41. Kg1
Qc1+ 42. Kh2 Rd2 43. e5 Ne1 44. Be3 Rxb2 45. Bxc1 Rxb7 46. Bxb7 Rxe5 47. a6 Nd3
48. Ba3 Nc5 49. Bc8 Nxa6 50. Bd6 Rd5 51. Bf4 Nc5 52. Kg2 a5 53. Bc1 a4 54. Kf3
a3 0-1

[Event "World Blitz 2015"]
[Site "Berlin GER"]
[Date "2015.10.13"]
[Round "4.92"]
[White "Seel, Christian"]
[Black "Thornton, Giovanni Antonio"]
[Result "1-0"]
[WhiteTitle "IM"]
[WhiteElo "2474"]
[BlackElo "2207"]
[WhiteFideId "4663098"]
[BlackFideId "4300963"]
[EventDate "2015.10.13"]

1. Nf3 Nf6 2. c4 b6 3. g3 Bb7 4. Bg2 e6 5. O-O Be7 6. Nc3 O-O 7. Re1 d5 8. cxd5
exd5 9. d4 Nbd7 10. Bf4 a6 11. Rc1 Rc8 12. Ne5 c6 13. Qb3 Nxe5 14. dxe5 Nd7 15.
Rcd1 Nc5 16. Qc2 Ne6 17. Bc1 Qc7 18. f4 d4 19. Ne4 c5 20. f5 Nd8 21. f6 gxf6 22.
exf6 Bd6 23. Ng5 1-0

[Event "World Blitz 2015"]
[Site "Berlin GER"]
[Date "2015.10.13"]
[Round "4.93"]
[White "Koehler, Gerhard2"]
[Black "Valdes Romero, Leonardo"]
[Result "0-1"]
[BlackTitle "IM"]
[WhiteElo "2173"]
[BlackElo "2362"]
[WhiteFideId "12909700"]
[BlackFideId "6500331"]
[EventDate "2015.10.13"]

1. c4 Nf6 2. Nc3 g6 3. e4 d6 4. d4 Bg7 5. Be2 O-O 6. Nf3 e5 7. O-O Nc6 8. d5 Ne7
9. Ne1 Nd7 10. Nd3 f5 11. Bd2 Nf6 12. f3 Kh8 13. Rc1 c5 14. b4 b6 15. Rb1 f4 16.
Nf2 g5 17. Rb3 h5 18. bxc5 bxc5 19. Nb5 Rf7 20. Ra3 Ng6 21. Ba5 Qg8 22. Nc7 Rb8
23. Ne6 Rbb7 24. Rb3 Bh6 25. Rxb7 Rxb7 26. Qc2 Bxe6 27. dxe6 Qxe6 28. Rb1 Qc8
29. Rb3 Qb8 30. Qd3 Rxb3 31. axb3 Bf8 32. Nd1 Be7 33. Qc2 Nf8 34. Nc3 Ne6 35.
Bf1 Nd4 36. Qa2 Qxb3 37. Bc7 Qxa2 38. Nxa2 Nd7 39. Nc3 Nf6 40. Nb5 a6 41. Nxd6
Kg7 42. Nc8 Kf7 43. Bxe5 Nc6 44. Bb2 Nd7 45. Nxe7 Kxe7 46. Kf2 Ke6 47. Be2 Nde5
48. Ke1 Na5 49. Bxe5 Kxe5 50. Kd2 Kd4 51. Kc2 h4 52. Bf1 Nxc4 53. Kb3 Nd2+ 54.
Kc2 Nxf1 55. Kb3 c4+ 0-1

[Event "World Blitz 2015"]
[Site "Berlin GER"]
[Date "2015.10.13"]
[Round "4.94"]
[White "Zepeda, Lorena"]
[Black "Thiede, Lars"]
[Result "0-1"]
[WhiteTitle "WIM"]
[BlackTitle "IM"]
[WhiteElo "2106"]
[BlackElo "2437"]
[WhiteFideId "6700233"]
[BlackFideId "4607759"]
[EventDate "2015.10.13"]

1. e4 g6 2. d4 Bg7 3. Nc3 d6 4. Bg5 a6 5. f4 b5 6. a3 Bb7 7. Nf3 Nd7 8. e5 Nh6
9. Bd3 O-O 10. O-O f6 11. exf6 exf6 12. Bh4 Nb6 13. Bg3 Qd7 14. Re1 Rae8 15.
Rxe8 Rxe8 16. Qf1 Ng4 17. Re1 f5 18. Rxe8+ Qxe8 19. Ne2 Qe3+ 20. Bf2 Nxf2 21.
Qxf2 Nd5 22. Qxe3 Nxe3 23. Ne1 Nd1 24. b3 Nc3 25. Kf2 Nxe2 26. Kxe2 Bxd4 27. Nf3
Bf6 28. g3 Kf7 29. h4 Ke6 30. Nd2 c5 31. a4 Bc6 32. axb5 axb5 33. Nb1 d5 34. Na3
c4 35. bxc4 bxc4 36. Nxc4 dxc4 37. Bxc4+ Kd6 38. Bg8 Be8 39. Bxh7 Ke6 40. c4 Bf7
41. Ke3 Bc3 42. c5 Bb4 43. c6 Ba5 44. Kf3 Kf6 45. h5 gxh5 46. Ke3 Be6 47. Kd4
Bb6+ 48. Kc3 Kg7 49. Bxf5 Bxf5 50. Kb4 Bf2 51. Kb5 Bxg3 52. c7 Bxf4 0-1

[Event "World Blitz 2015"]
[Site "Berlin GER"]
[Date "2015.10.13"]
[Round "5.3"]
[White "Nguyen, Ngoc Truong Son"]
[Black "Gelfand, Boris"]
[Result "1/2-1/2"]
[WhiteTitle "GM"]
[BlackTitle "GM"]
[WhiteElo "2634"]
[BlackElo "2741"]
[WhiteFideId "12401110"]
[BlackFideId "2805677"]
[EventDate "2015.10.13"]

1. e4 c5 2. Nf3 Nc6 3. c3 Nf6 4. e5 Nd5 5. d4 cxd4 6. cxd4 d6 7. Bc4 Nb6 8. Bb5
dxe5 9. Nxe5 Bd7 10. Bxc6 Bxc6 11. Nxc6 bxc6 12. O-O g6 13. Be3 Bg7 14. Qc2 O-O
15. Qxc6 Bxd4 16. Bxd4 Qxd4 17. Nc3 Rfc8 18. Qb7 Qd7 19. Qxd7 Nxd7 20. Rad1 Nf6
21. Rd2 Rab8 22. Re1 Kf8 23. f3 h5 24. Ne4 Nxe4 25. Rxe4 Rc7 26. Kf2 e6 27. b3
Rb5 28. h4 Ke7 29. Rb2 a5 30. Rd2 Rbc5 31. Ke2 Kf6 32. b4 axb4 33. Rxb4 Rc3 34.
Rb3 R3c4 35. g3 Ra4 36. a3 g5 37. hxg5+ Kxg5 38. Ke3 Rca7 39. Rdd3 f5 40. Kf2 e5
41. Rd5 Rxa3 42. Rxa3 Rxa3 43. Rxe5 1/2-1/2

[Event "World Blitz 2015"]
[Site "Berlin GER"]
[Date "2015.10.13"]
[Round "5.4"]
[White "Dreev, Aleksey"]
[Black "Bocharov, Dmitry"]
[Result "1/2-1/2"]
[WhiteTitle "GM"]
[BlackTitle "GM"]
[WhiteElo "2644"]
[BlackElo "2560"]
[WhiteFideId "4100107"]
[BlackFideId "4138716"]
[EventDate "2015.10.13"]

1. d4 Nf6 2. c4 e6 3. Nc3 Bb4 4. Qc2 c5 5. dxc5 Qc7 6. Nf3 Bxc5 7. b3 a6 8. Bb2
b6 9. e3 Bb7 10. Bd3 Be7 11. Ne4 Bxe4 12. Bxe4 Nc6 13. Bxf6 Bxf6 14. Rd1 g6 15.
O-O O-O 16. Rd2 Rfd8 17. Rfd1 Rac8 18. Bxc6 dxc6 19. Qe4 Rxd2 20. Rxd2 Rd8 21.
Rd3 Rd6 22. g4 Qd8 23. Rxd6 Qxd6 24. g5 Bg7 25. Kg2 b5 26. h3 Bc3 27. Qc2 Bg7
28. Qe4 Bc3 29. Qc2 Bg7 30. Qe4 Bc3 1/2-1/2